|
|
|
|
| LEADER |
00000nam a2200000 a 4500 |
| 001 |
vtls008688563 |
| 003 |
SK-MaSNL |
| 005 |
20260426002121.0 |
| 008 |
160208s2006 xo f 100 0 eng |
| 015 |
|
|
|a SNBA2006/05-02827
|
| 020 |
|
|
|a 802281573X (brož.)
|
| 035 |
|
|
|a 2E5E4160-2295-4BC5-BE84-55365C85A618
|
| 035 |
|
|
|a urn:nbn:sk:snk-amk716
|
| 035 |
|
|
|a urn:nbn:sk:snk-am003su8
|
| 040 |
|
|
|a SNK
|b slo
|c SNK
|e AACR2
|
| 041 |
0 |
|
|a eng
|
| 044 |
|
|
|a xo
|c SK
|
| 072 |
|
7 |
|a 502
|x Životné prostredie a jeho ochrana
|2 konspekt
|
| 245 |
0 |
0 |
|a Revitalization and protection of ecological systems disturbed by natural disasters
|b international conference : Zvolen, 10.3.2006 : conference topics, climate change ... management of distributed areas
|c [editor: Milan Koreň]
|
| 250 |
|
|
|a [1. vyd.]
|
| 260 |
|
|
|a Zvolen
|b Technical University
|c 2006
|
| 300 |
|
|
|a 34 s.
|c 25 cm
|
| 650 |
0 |
7 |
|a revitalizácia krajiny
|2 SNKPH
|9 72977
|
| 650 |
0 |
7 |
|a ochrana prírody
|2 SNKPH
|9 3778
|
| 650 |
0 |
7 |
|a ohrozenie prírody
|2 SNKPH
|9 55023
|
| 650 |
0 |
7 |
|a ochrana životného prostredia
|2 SNKPH
|9 3352
|
| 655 |
|
7 |
|a zborníky konferencií
|2 SNKPH
|9 70153
|
| 655 |
|
7 |
|a abstrakty
|2 SNKPH
|9 22516
|
| 700 |
1 |
|
|a Koreň, Milan,
|d 1944-
|4 edt
|9 194185
|
| 919 |
|
|
|a 80-228-1573-X
|
| 958 |
|
|
|a OND
|
| 999 |
|
|
|c 910201
|d 912131
|
| 952 |
|
|
|a SNK
|b SNK
|y PREZ
|7 0
|p 17A0505292
|o snkSC 123314
|i snk2006/7120
|8 0
|0 0
|1 0
|4 0
|d 2006-04-05
|f 1
|l 0
|r 2025-06-04 00:00:00
|w 2026-02-24
|
| 952 |
|
|
|a SNK
|b SNK
|y VYP
|7 0
|p 17A0505291
|o snkSC 123314 D1
|i snk2006/7121
|8 0
|0 0
|1 0
|4 0
|d 2006-04-05
|l 0
|r 2026-02-24 07:41:13
|w 2026-02-24
|